000 00915nam a2200241Ia 4500
003 Ost
005 20260507074935.0
008 260507s9999||||xx |||||||||||||| ||und||
020 _a9789957700584
040 _cfsecg
041 _aara
082 _a330.1
100 _aخلف، فليح حسن
_eمؤلف
245 0 _aالنظم الاقتصادية :
_bالرأسمالية،الاشتراكية،الاسلام /
_c فليح حسن خلف
250 _aطبعة 1
260 _aاربد:
_bعالم الكتاب الحديث للنشر,
_c2007
300 _a462 صفحة؛
_bإيضاحات ؛
_c24 سم
520 _aالنظام الاقتصادي الراسمالي، النظام الاقتصادي الاشتراكي، النظام الاقتصادي الاسلامي
653 _aالاسلام
653 _aالاشتراكية
653 _aأنظمة اقتصادية
942 _cكتاب
999 _c41885
_d41885